ბათუმის შოთა რუსთაველის სახელმწიფო უნივერსიტეტის ბიბლიოთეკა

ვ.ა.სუხომლინსკის პედაგოგიკური სისტემა და თანამედროვეობა / (ბიბ.ჩანაწერი № 37998)

000 -ლიდერი
ფიქსირებული სიგრძის საკონტროლო ველი 01193nam a2200265Ia 4500
001 - საკონტროლო ნომერი
საკონტროლო ველი 3982
003 - საკონტროლო ნომრის იდენტიფიკატორი
საკონტროლო ველი GE_BSU
005 - ბოლო ოპერაციის თარიღი და დრო
საკონტროლო ველი 20190829170329.0
008 - ფიქსირებული სიგრძის მონაცემთა ელემენტები - ზოგადი ინფორმაცია
ფიქსირებული სიგრძის საკონტროლო ველი 181216s2000||||ge |||||||||||||| ||geo||
020 ## - წიგნის საერთაშორისო სტანდარტული ნომერი
International Standard Book Number 9992844310
040 ## - კატალოგიზაციის წყარო
Transcribing agency GE_BSU
041 ## - ენის კოდი
Language code of text/sound track or separate title geo
080 ## - უნივერსალური ათობითი კლასიფიკაციის ინდექსი
Universal Decimal Classification number 37.01(092)+371.48 ბ–29
100 ## - მთავარი ჩანაწერი - პიროვნების სახელი
Personal name ბასილაძე, ნოდარ
9 (RLIN) 2673
245 ## - ცნობა სათაურის შესახებ
Title ვ.ა.სუხომლინსკის პედაგოგიკური სისტემა და თანამედროვეობა /
Statement of responsibility, etc რედ.: ოთარ გიორგაძე.
264 ## - წარმოების, გამოცემის, დისტრიბუციის და სხვა ცნობები
გამოცემის, წარმოების, დისტრიბუციის... ადგილი ბათუმი :
გამოცემის, წარმოების, დისტრიბუციის... სახელწოდება აჭარა,
გამოცემის, წარმოების, დისტრიბუციის... თარიღი 2000.
300 ## - ფიზიკური აღწერა
Extent 337გვ. ;
Other physical details 21სმ.
504 ## - BIBLIOGRAPHY, ETC. NOTE
Bibliography, etc ბიბლიოგრ.: გვ. 324-335.
600 ## - SUBJECT ADDED ENTRY--PERSONAL NAME
Personal name სუხომლინსკი ვ.ა.
9 (RLIN) 3835
653 ## - INDEX TERM--UNCONTROLLED
Uncontrolled term პედაგოგიკური სისტემები
653 ## - INDEX TERM--UNCONTROLLED
Uncontrolled term სუხომლინსკის სისტემა
653 ## - INDEX TERM--UNCONTROLLED
Uncontrolled term უკრაინული პედაგოგიური აზრის ისტორია
700 ## - ADDED ENTRY--PERSONAL NAME
Personal name გიორგაძე, ოთარ
Relator term რედაქტორი
9 (RLIN) 2735
942 ## - ADDED ENTRY ELEMENTS (KOHA)
Koha item type წიგნი
Source of classification or shelving scheme
ეგზემპლარები
ჩამოწერის სტატუსი დაკარგული ეგზემპლარის სტატუსი კლასიფიკაციის წყარო ან თაროზე გაწყობის სქემა დაზიანების სტატუსი არ გაიცემა მუდმივი მდებარეობა (დაცვის ადგილი) ამჟამინდელი ადგილსამყოფელი თაროზე განთავსების ადგილი შეძენის თარიღი ღირებულება, შესყიდვის ნორმალური ფასი სრული შენახვის შიფრი შტრიხკოდი ბოლო ოპერაციის თარიღი ეგზემპლარის მიმდევრობითი ნომერი (კეტერი?) ფასის ძალაში შესვლის თარიღი ეგზემპლარის სახეობა საჯარო შენიშვნა
          ბათუმის შოთა რუსთაველის სახელმწიფო უნივერსიტეტის მთავარი ბიბლიოთეკა ბათუმის შოთა რუსთაველის სახელმწიფო უნივერსიტეტის მთავარი ბიბლიოთეკა წიგნსაცავი 2018-12-17 3.00 37.01(092)+371.48 ბ–29 5552 2018-12-17 5552 2018-12-17 წიგნი 3 ლ.
          ბათუმის შოთა რუსთაველის სახელმწიფო უნივერსიტეტის მთავარი ბიბლიოთეკა ბათუმის შოთა რუსთაველის სახელმწიფო უნივერსიტეტის მთავარი ბიბლიოთეკა წიგნსაცავი 2018-12-17 3.00 37.01(092)+371.48 ბ–29 5553 2018-12-17 5553 2018-12-17 წიგნი 3 ლ.